000 00304nam a22001337a 4500
008 170930b xxu||||| |||| 00| 0 eng d
020 _a9780321106216
041 _aeng
080 _a37
100 _a47
101 _aEDU
245 _aTHE ALLYN & BACON GUIDE TO WRITING
_cRAMAGE, J.D
942 _2udc
_cBK
999 _c30944
_d30944